Statistics for Religion in Montenegro

Click here to take the quiz!

General Stats

  • This quiz has been taken 40 times
  • The average score is 5 of 7

Answer Stats

ReligionPercentage% Correct
72.07%Eastern Orthodox
95%
19.11%Islam
92%
3.44%Catholic
89%
1.31%None
58%
0.43%Other Christian
53%
1.04%Other religion
53%
2.61%Unknown
45%

Score Distribution

Percentile by Number Answered

Percent of People with Each Score

Your Score History

You have not taken this quiz